[Event "2023 National K-12 Grade Championships"]
[Site "Orlando, Florida, United States"]
[Date "2023.12.17"]
[Round "7.12"]
[White "Reiss, Aiden"]
[Black "Hardaway, Brewington"]
[Result "1/2-1/2"]
[TimeControl "G/90;d10"]
[WhiteElo "2260"]
[BlackElo "2457"]

1. Nf3 {[%clk 01:19:15]} {[%emt 00:10:54]} d5 {[%clk 01:29:53]} {[%emt
00:00:18]} 2. b3 {[%clk 01:18:52]} {[%emt 00:00:32]} Nf6 {[%clk 01:29:53]}
{[%emt 00:00:08]} 3. Bb2 {[%clk 01:18:52]} {[%emt 00:00:04]} e6 {[%clk
01:29:53]} {[%emt 00:00:06]} 4. g3 {[%clk 01:18:02]} {[%emt 00:01:00]} c5
{[%clk 01:29:28]} {[%emt 00:00:34]} 5. Bg2 {[%clk 01:15:09]} {[%emt 00:03:03]}
Be7 {[%clk 01:29:26]} {[%emt 00:00:13]} 6. O-O {[%clk 01:14:23]} {[%emt
00:00:55]} O-O {[%clk 01:28:29]} {[%emt 00:01:07]} 7. e3 {[%clk 01:14:04]}
{[%emt 00:00:30]} Nc6 {[%clk 01:28:24]} {[%emt 00:00:15]} 8. Na3 {[%clk
01:12:18]} {[%emt 00:01:55]} b6 {[%clk 01:27:38]} {[%emt 00:00:55]} 9. c4
{[%clk 01:11:40]} {[%emt 00:00:48]} Bb7 {[%clk 01:25:56]} {[%emt 00:01:52]} 10.
Qe2 {[%clk 01:08:09]} {[%emt 00:03:42]} Rc8 {[%clk 01:22:16]} {[%emt 00:03:50]}
11. Rfd1 {[%clk 01:03:29]} {[%emt 00:04:49]} Qc7 {[%clk 01:20:14]} {[%emt
00:02:12]} 12. cxd5 {[%clk 01:00:36]} {[%emt 00:03:04]} Nxd5 {[%clk 01:19:28]}
{[%emt 00:00:55]} 13. d4 {[%clk 00:56:20]} {[%emt 00:04:28]} cxd4 {[%clk
01:19:02]} {[%emt 00:00:35]} 14. Nb5 {[%clk 00:47:21]} {[%emt 00:09:09]} Ba6
{[%clk 01:17:24]} {[%emt 00:01:48]} 15. Nfxd4 {[%clk 00:46:04]} {[%emt
00:01:27]} Nxd4 {[%clk 01:15:34]} {[%emt 00:02:01]} 16. Bxd4 {[%clk 00:42:03]}
{[%emt 00:04:10]} Bxb5 {[%clk 01:14:56]} {[%emt 00:00:48]} 17. Qxb5 {[%clk
00:42:00]} {[%emt 00:00:12]} 1/2-1/2

[Event "2023 National K-12 Grade Championships"]
[Site "Orlando, Florida, United States"]
[Date "2023.12.17"]
[Round "7.13"]
[White "Zhao, Erick"]
[Black "Kesireddy, Saikarunya"]
[Result "1-0"]
[TimeControl "G/90;d10"]
[WhiteElo "2441"]
[BlackElo "1901"]

1. e4 {[%clk 01:25:22]} {[%emt 00:04:47]} c5 {[%clk 01:30:00]} {[%emt
00:00:09]} 2. Nf3 {[%clk 01:25:22]} {[%emt 00:00:05]} e6 {[%clk 01:29:58]}
{[%emt 00:00:13]} 3. d4 {[%clk 01:25:22]} {[%emt 00:00:07]} cxd4 {[%clk
01:29:58]} {[%emt 00:00:04]} 4. Nxd4 {[%clk 01:25:22]} {[%emt 00:00:03]} a6
{[%clk 01:29:58]} {[%emt 00:00:10]} 5. c4 {[%clk 01:24:39]} {[%emt 00:00:52]}
Nf6 {[%clk 01:29:51]} {[%emt 00:00:17]} 6. Nc3 {[%clk 01:24:39]} {[%emt
00:00:06]} Qc7 {[%clk 01:29:50]} {[%emt 00:00:10]} 7. a3 {[%clk 01:24:39]}
{[%emt 00:00:05]} Be7 {[%clk 01:29:50]} {[%emt 00:00:04]} 8. Be3 {[%clk
01:22:07]} {[%emt 00:02:42]} b6 {[%clk 01:28:37]} {[%emt 00:01:24]} 9. Be2
{[%clk 01:19:30]} {[%emt 00:02:47]} Bb7 {[%clk 01:27:00]} {[%emt 00:01:48]} 10.
f3 {[%clk 01:19:07]} {[%emt 00:00:32]} Nc6 {[%clk 01:24:50]} {[%emt 00:02:20]}
11. Rc1 {[%clk 01:15:07]} {[%emt 00:04:10]} O-O {[%clk 01:22:13]} {[%emt
00:02:46]} 12. Nb3 {[%clk 01:09:35]} {[%emt 00:05:42]} d6 {[%clk 01:21:10]}
{[%emt 00:01:14]} 13. Nd5 {[%clk 01:01:33]} {[%emt 00:08:12]} exd5 {[%clk
01:21:10]} {[%emt 00:00:10]} 14. cxd5 {[%clk 01:01:33]} Rfc8 {[%clk 01:18:22]}
{[%emt 00:02:58]} 15. Nd4 {[%clk 00:53:44]} {[%emt 00:07:58]} Qd7 {[%clk
01:17:41]} {[%emt 00:00:53]} 16. dxc6 {[%clk 00:52:49]} {[%emt 00:01:05]} Bxc6
{[%clk 01:17:41]} {[%emt 00:00:07]} 17. O-O {[%clk 00:50:53]} {[%emt 00:02:06]}
Bb7 {[%clk 01:16:15]} {[%emt 00:01:35]} 18. Qd2 {[%clk 00:49:37]} {[%emt
00:01:26]} b5 {[%clk 01:12:53]} {[%emt 00:03:33]} 19. Qd3 {[%clk 00:43:48]}
{[%emt 00:05:57]} Bf8 {[%clk 01:10:36]} {[%emt 00:02:29]} 20. Nb3 {[%clk
00:36:22]} {[%emt 00:07:37]} Qd8 {[%clk 01:09:13]} {[%emt 00:01:33]} 21. Rfd1
{[%clk 00:34:27]} {[%emt 00:02:04]} Rxc1 {[%clk 01:07:28]} {[%emt 00:01:55]} 22.
Bxc1 {[%clk 00:33:26]} {[%emt 00:01:12]} Nd7 {[%clk 01:05:23]} {[%emt
00:02:15]} 23. Bf4 {[%clk 00:31:58]} {[%emt 00:01:34]} Qb6+ {[%clk 01:04:56]}
{[%emt 00:00:40]} 24. Qe3 {[%clk 00:29:33]} {[%emt 00:02:32]} Nc5 {[%clk
01:01:09]} {[%emt 00:03:59]} 25. Nd4 {[%clk 00:26:55]} {[%emt 00:02:49]} Ne6
{[%clk 00:59:10]} {[%emt 00:02:09]} 26. Nf5 {[%clk 00:26:11]} {[%emt 00:00:51]}
Qxe3+ {[%clk 00:58:30]} {[%emt 00:00:53]} 27. Bxe3 {[%clk 00:26:11]} {[%emt
00:00:02]} Rd8 {[%clk 00:58:15]} {[%emt 00:00:26]} 28. Bb6 {[%clk 00:25:23]}
{[%emt 00:00:57]} Rd7 {[%clk 00:54:40]} {[%emt 00:03:46]} 29. Ne3 {[%clk
00:25:23]} {[%emt 00:00:01]} g6 {[%clk 00:53:40]} {[%emt 00:01:11]} 30. g3
{[%clk 00:25:23]} {[%emt 00:00:07]} Bg7 {[%clk 00:53:38]} {[%emt 00:00:13]} 31.
b3 {[%clk 00:25:03]} {[%emt 00:00:29]} Kf8 {[%clk 00:51:05]} {[%emt 00:02:43]}
32. a4 {[%clk 00:23:27]} {[%emt 00:01:46]} b4 {[%clk 00:49:36]} {[%emt
00:01:39]} 33. Nd5 {[%clk 00:21:57]} {[%emt 00:01:37]} Nc5 {[%clk 00:49:19]}
{[%emt 00:00:30]} 34. Bc4 {[%clk 00:21:30]} {[%emt 00:00:37]} Bxd5 {[%clk
00:48:55]} {[%emt 00:00:34]} 35. Rxd5 {[%clk 00:21:22]} {[%emt 00:00:17]} Ke7
{[%clk 00:48:15]} {[%emt 00:00:51]} 36. Bxc5 {[%clk 00:19:49]} {[%emt
00:01:43]} dxc5 {[%clk 00:48:15]} {[%emt 00:00:07]} 37. Rxd7+ {[%clk 00:19:49]}
{[%emt 00:00:03]} Kxd7 {[%clk 00:48:15]} {[%emt 00:00:04]} 38. Bxf7 {[%clk
00:19:49]} {[%emt 00:00:03]} Kd6 {[%clk 00:47:30]} {[%emt 00:00:55]} 39. f4
{[%clk 00:19:44]} {[%emt 00:00:15]} Ke7 {[%clk 00:47:11]} {[%emt 00:00:29]} 40.
Bc4 {[%clk 00:19:43]} {[%emt 00:00:11]} a5 {[%clk 00:47:11]} {[%emt 00:00:05]}
41. e5 {[%clk 00:19:43]} {[%emt 00:00:09]} g5 {[%clk 00:47:10]} {[%emt
00:00:12]} 42. Kf2 {[%emt 00:00:40]} 1-0

[Event "2023 National K-12 Grade Championships"]
[Site "Orlando, Florida, United States"]
[Date "2023.12.17"]
[Round "7.14"]
[White "Sattaru, Sritej Sai"]
[Black "Raju, Yakshwag Reddy"]
[Result "1/2-1/2"]
[TimeControl "G/90;d10"]
[WhiteElo "2113"]
[BlackElo "2030"]

1. e4 {[%clk 01:30:00]} c5 {[%clk 01:25:26]} {[%emt 00:04:44]} 2. Nf3 {[%clk
01:30:00]} {[%emt 00:00:10]} Nc6 {[%clk 01:25:21]} {[%emt 00:00:16]} 3. Bb5
{[%clk 01:29:57]} {[%emt 00:00:12]} g6 {[%clk 01:25:00]} {[%emt 00:00:31]} 4.
O-O {[%clk 01:28:56]} {[%emt 00:01:11]} Bg7 {[%clk 01:23:48]} {[%emt 00:01:23]}
5. c3 {[%clk 01:28:56]} {[%emt 00:00:09]} Nf6 {[%clk 01:23:43]} {[%emt
00:00:14]} 6. Re1 {[%clk 01:28:53]} {[%emt 00:00:13]} O-O {[%clk 01:22:50]}
{[%emt 00:01:04]} 7. d4 {[%clk 01:28:53]} {[%emt 00:00:09]} d5 {[%clk
01:22:39]} {[%emt 00:00:22]} 8. e5 {[%clk 01:28:03]} {[%emt 00:00:59]} Ne4
{[%clk 01:21:41]} {[%emt 00:01:09]} 9. Nbd2 {[%clk 01:25:07]} {[%emt 00:03:04]}
cxd4 {[%clk 01:19:56]} {[%emt 00:01:57]} 10. cxd4 {[%clk 01:24:59]} {[%emt
00:00:17]} Qb6 {[%clk 01:18:42]} {[%emt 00:01:24]} 11. Bxc6 {[%clk 01:24:46]}
{[%emt 00:00:24]} Qxc6 {[%clk 01:18:42]} {[%emt 00:00:06]} 12. Qe2 {[%clk
01:23:01]} {[%emt 00:01:53]} Nxd2 {[%clk 01:10:53]} {[%emt 00:08:02]} 13. Bxd2
{[%clk 01:22:35]} {[%emt 00:00:35]} Bg4 {[%clk 01:07:46]} {[%emt 00:03:16]} 14.
h3 {[%clk 01:18:27]} {[%emt 00:04:18]} Bxf3 {[%clk 01:06:51]} {[%emt 00:01:05]}
15. Qxf3 {[%clk 01:18:27]} {[%emt 00:00:08]} Rac8 {[%clk 01:05:45]} {[%emt
00:01:16]} 16. Qa3 {[%clk 01:16:32]} {[%emt 00:02:05]} Qb6 {[%clk 01:00:56]}
{[%emt 00:04:59]} 17. Bc3 {[%clk 01:12:31]} {[%emt 00:04:11]} Rfe8 {[%clk
00:58:06]} {[%emt 00:03:00]} 18. Rad1 {[%clk 01:07:11]} {[%emt 00:05:28]} Rc4
{[%clk 00:56:36]} {[%emt 00:01:42]} 1/2-1/2

[Event "2023 National K-12 Grade Championships"]
[Site "Orlando, Florida, United States"]
[Date "2023.12.17"]
[Round "7.15"]
[White "Liu, Eric Chang"]
[Black "Vemparala, Nikash"]
[Result "1-0"]
[TimeControl "G/90;d10"]
[WhiteElo "2377"]
[BlackElo "2232"]

1. e4 {[%clk 01:30:00]} {[%emt 00:00:02]} e5 {[%clk 01:29:35]} {[%emt
00:00:35]} 2. Nf3 {[%clk 01:30:00]} {[%emt 00:00:06]} Nc6 {[%clk 01:29:35]}
{[%emt 00:00:10]} 3. Bc4 {[%clk 01:30:00]} {[%emt 00:00:07]} Bc5 {[%clk
01:29:22]} {[%emt 00:00:24]} 4. c3 {[%clk 01:29:48]} {[%emt 00:00:23]} Nf6
{[%clk 01:29:18]} {[%emt 00:00:13]} 5. d3 {[%clk 01:29:48]} {[%emt 00:00:04]}
O-O {[%clk 01:28:09]} {[%emt 00:01:19]} 6. Nbd2 {[%clk 01:29:04]} {[%emt
00:00:54]} a6 {[%clk 01:26:12]} {[%emt 00:02:07]} 7. O-O {[%clk 01:28:31]}
{[%emt 00:00:43]} d6 {[%clk 01:26:02]} {[%emt 00:00:20]} 8. Bb3 {[%clk
01:28:30]} {[%emt 00:00:11]} Ba7 {[%clk 01:25:57]} {[%emt 00:00:16]} 9. h3
{[%clk 01:27:35]} {[%emt 00:01:04]} Be6 {[%clk 01:23:33]} {[%emt 00:02:34]} 10.
Bc2 {[%clk 01:27:35]} {[%emt 00:00:05]} Qd7 {[%clk 01:23:15]} {[%emt 00:00:29]}
11. Re1 {[%clk 01:12:55]} {[%emt 00:14:50]} Rfe8 {[%clk 01:17:31]} {[%emt
00:05:53]} 12. Nf1 {[%clk 01:12:45]} {[%emt 00:00:21]} d5 {[%clk 01:15:24]}
{[%emt 00:02:17]} 13. exd5 {[%clk 01:09:03]} {[%emt 00:03:51]} Bxd5 {[%clk
01:15:10]} {[%emt 00:00:24]} 14. Ng3 {[%clk 01:09:03]} {[%emt 00:00:05]} h6
{[%clk 01:14:04]} {[%emt 00:01:17]} 15. Nh4 {[%clk 01:08:28]} {[%emt 00:00:45]}
Rad8 {[%clk 01:01:52]} {[%emt 00:12:23]} 16. Nhf5 {[%clk 01:05:52]} {[%emt
00:02:44]} Qe6 {[%clk 00:52:10]} {[%emt 00:09:53]} 17. d4 {[%clk 00:54:49]}
{[%emt 00:11:13]} Qc8 {[%clk 00:45:07]} {[%emt 00:07:12]} 18. Bxh6 {[%clk
00:31:18]} {[%emt 00:23:42]} gxh6 {[%clk 00:44:04]} {[%emt 00:01:12]} 19. Qd2
{[%clk 00:31:18]} {[%emt 00:00:10]} Re6 {[%clk 00:13:40]} {[%emt 00:30:35]} 20.
Qxh6 {[%clk 00:31:18]} {[%emt 00:00:04]} Ne8 {[%clk 00:13:34]} {[%emt
00:00:18]} 21. Ne7+ {[%clk 00:31:04]} {[%emt 00:00:23]} Nxe7 {[%clk 00:13:12]}
{[%emt 00:00:31]} 22. Bh7+ {[%clk 00:31:04]} {[%emt 00:00:07]} Kh8 {[%clk
00:13:12]} {[%emt 00:00:03]} 23. Bg6+ {[%clk 00:31:04]} {[%emt 00:00:04]} 1-0

[Event "2023 National K-12 Grade Championships"]
[Site "Orlando, Florida, United States"]
[Date "2023.12.17"]
[Round "7.16"]
[White "Chakrabarti, Brejesh"]
[Black "Venkatesh, Narayan"]
[Result "1-0"]
[TimeControl "G/90;d10"]
[WhiteElo "2328"]
[BlackElo "2089"]

1. Nf3 {[%clk 01:30:00]} {[%emt 00:00:01]} d5 {[%clk 01:27:45]} {[%emt
00:02:25]} 2. g3 {[%clk 01:30:00]} {[%emt 00:00:08]} Bg4 {[%clk 01:27:45]}
{[%emt 00:00:04]} 3. Bg2 {[%clk 01:30:00]} {[%emt 00:00:05]} Nd7 {[%clk
01:27:45]} {[%emt 00:00:04]} 4. c4 {[%clk 01:29:02]} {[%emt 00:01:08]} e6
{[%clk 01:27:00]} {[%emt 00:00:54]} 5. O-O {[%clk 01:28:17]} {[%emt 00:00:55]}
c6 {[%clk 01:26:21]} {[%emt 00:00:49]} 6. d4 {[%clk 01:26:37]} {[%emt
00:01:51]} Ngf6 {[%clk 01:26:08]} {[%emt 00:00:22]} 7. b3 {[%clk 01:20:18]}
{[%emt 00:06:30]} Be7 {[%clk 01:21:39]} {[%emt 00:04:35]} 8. Bb2 {[%clk
01:18:59]} {[%emt 00:01:33]} O-O {[%clk 01:18:19]} {[%emt 00:03:29]} 9. Nbd2
{[%clk 01:18:06]} {[%emt 00:01:04]} h6 {[%clk 01:15:40]} {[%emt 00:02:48]} 10.
h3 {[%clk 01:12:30]} {[%emt 00:05:47]} Bf5 {[%clk 01:15:40]} {[%emt 00:00:08]}
11. Ne5 {[%clk 01:10:49]} {[%emt 00:01:50]} Ne8 {[%clk 00:53:33]} {[%emt
00:22:16]} 12. e4 {[%clk 01:09:20]} {[%emt 00:01:39]} dxe4 {[%clk 00:53:33]}
{[%emt 00:00:06]} 13. Nxe4 {[%clk 01:08:59]} {[%emt 00:00:31]} Nef6 {[%clk
00:52:55]} {[%emt 00:00:48]} 14. Nxf6+ {[%clk 01:06:25]} {[%emt 00:02:44]} Nxf6
{[%clk 00:51:54]} {[%emt 00:01:12]} 15. Qe2 {[%clk 01:04:57]} {[%emt 00:01:36]}
Nd7 {[%clk 00:41:04]} {[%emt 00:11:01]} 16. f4 {[%clk 01:02:25]} {[%emt
00:02:42]} Bd6 {[%clk 00:38:34]} {[%emt 00:02:39]} 17. Rad1 {[%clk 01:01:49]}
{[%emt 00:00:46]} Qc7 {[%clk 00:33:58]} {[%emt 00:04:48]} 18. Kh1 {[%clk
00:58:02]} {[%emt 00:03:56]} Rfe8 {[%clk 00:30:12]} {[%emt 00:03:57]} 19. Qf2
{[%clk 00:55:45]} {[%emt 00:02:26]} Bh7 {[%clk 00:28:22]} {[%emt 00:02:00]} 20.
Rfe1 {[%clk 00:47:13]} {[%emt 00:08:42]} Rad8 {[%clk 00:27:06]} {[%emt
00:01:26]} 21. Bc3 {[%clk 00:46:13]} {[%emt 00:01:11]} f6 {[%clk 00:19:38]}
{[%emt 00:07:39]} 22. Nxd7 {[%clk 00:45:49]} {[%emt 00:00:33]} Qxd7 {[%clk
00:19:02]} {[%emt 00:00:46]} 23. Rd2 {[%clk 00:39:46]} {[%emt 00:06:13]} Bg6
{[%clk 00:17:58]} {[%emt 00:01:13]} 24. Rde2 {[%clk 00:39:46]} {[%emt
00:00:04]} Re7 {[%clk 00:16:13]} {[%emt 00:01:56]} 25. Kh2 {[%clk 00:33:05]}
{[%emt 00:06:51]} Rde8 {[%clk 00:15:50]} {[%emt 00:00:34]} 26. Bf3 {[%clk
00:32:49]} {[%emt 00:00:25]} Bc7 {[%clk 00:11:00]} {[%emt 00:04:58]} 27. Rd2
{[%clk 00:31:52]} {[%emt 00:01:09]} Bd6 {[%clk 00:09:53]} {[%emt 00:01:19]} 28.
h4 {[%clk 00:31:42]} {[%emt 00:00:19]} Qd8 {[%clk 00:08:36]} {[%emt 00:01:26]}
29. Red1 {[%clk 00:31:33]} {[%emt 00:00:20]} Qb8 {[%clk 00:08:17]} {[%emt
00:00:29]} 30. Bg4 {[%clk 00:29:18]} {[%emt 00:02:26]} Bf7 {[%clk 00:06:20]}
{[%emt 00:02:05]} 31. Re2 {[%clk 00:26:11]} {[%emt 00:03:18]} Qd8 {[%clk
00:06:07]} {[%emt 00:00:23]} 32. Rde1 {[%clk 00:26:09]} {[%emt 00:00:13]} Bc7
{[%clk 00:05:37]} {[%emt 00:00:39]} 33. Bb2 {[%clk 00:24:30]} {[%emt 00:01:50]}
Bd6 {[%clk 00:05:28]} {[%emt 00:00:20]} 34. Bc3 {[%clk 00:23:31]} {[%emt
00:01:09]} Bc7 {[%clk 00:05:28]} {[%emt 00:00:04]} 35. Kg2 {[%clk 00:23:31]}
{[%emt 00:00:02]} Bd6 {[%clk 00:05:28]} {[%emt 00:00:08]} 36. a4 {[%clk
00:22:25]} {[%emt 00:01:15]} Bc7 {[%clk 00:05:24]} {[%emt 00:00:16]} 37. Qf3
{[%clk 00:22:14]} {[%emt 00:00:19]} Bd6 {[%clk 00:05:07]} {[%emt 00:00:27]} 38.
Re3 {[%clk 00:21:17]} {[%emt 00:01:07]} Bc7 {[%clk 00:04:43]} {[%emt 00:00:35]}
39. Qe2 {[%clk 00:21:17]} {[%emt 00:00:03]} Bd6 {[%clk 00:04:42]} {[%emt
00:00:12]} 40. Bf3 {[%clk 00:20:53]} {[%emt 00:00:33]} Qd7 {[%clk 00:04:40]}
{[%emt 00:00:14]} 41. Qf1 {[%clk 00:20:06]} {[%emt 00:00:56]} Qd8 {[%clk
00:04:10]} {[%emt 00:00:41]} 42. R1e2 {[%clk 00:19:45]} {[%emt 00:00:31]} Qd7
{[%clk 00:04:10]} {[%emt 00:00:10]} 43. Qe1 {[%clk 00:19:07]} {[%emt 00:00:47]}
Qd8 {[%clk 00:03:39]} {[%emt 00:00:41]} 44. Kh2 {[%clk 00:19:03]} {[%emt
00:00:14]} Qd7 {[%clk 00:03:24]} {[%emt 00:00:25]} 45. Bg4 {[%clk 00:19:03]}
{[%emt 00:00:01]} f5 {[%clk 00:02:43]} {[%emt 00:00:53]} 46. Bf3 {[%clk
00:18:36]} {[%emt 00:00:35]} Bc7 {[%clk 00:02:23]} {[%emt 00:00:31]} 47. Kg2
{[%clk 00:18:13]} {[%emt 00:00:33]} Bd6 {[%emt 00:00:02]} 48. Kg1 {[%clk
00:17:12]} {[%emt 00:01:09]} Kh7 {[%clk 00:02:23]} {[%emt 00:00:10]} 49. Rg2
{[%clk 00:16:10]} {[%emt 00:01:12]} Kh8 {[%clk 00:02:06]} {[%emt 00:00:26]} 50.
b4 {[%clk 00:15:45]} {[%emt 00:00:36]} a6 {[%clk 00:02:04]} {[%emt 00:00:14]}
51. Rb2 {[%clk 00:15:13]} {[%emt 00:00:41]} b5 {[%clk 00:01:18]} {[%emt
00:00:56]} 52. c5 {[%clk 00:15:13]} {[%emt 00:00:01]} Bb8 {[%clk 00:01:18]}
{[%emt 00:00:09]} 53. Qd2 {[%clk 00:14:46]} {[%emt 00:00:37]} Qc7 {[%clk
00:01:13]} {[%emt 00:00:15]} 54. Qg2 {[%clk 00:14:46]} {[%emt 00:00:10]} Rc8
{[%clk 00:01:13]} {[%emt 00:00:08]} 55. Rb1 {[%clk 00:14:33]} {[%emt 00:00:23]}
Bg8 {[%clk 00:01:13]} {[%emt 00:00:09]} 56. Ra1 {[%clk 00:14:32]} {[%emt
00:00:12]} Bf7 {[%clk 00:00:52]} {[%emt 00:00:30]} 57. Rae1 {[%clk 00:14:32]}
{[%emt 00:00:10]} Bg8 {[%clk 00:00:51]} {[%emt 00:00:11]} 58. Qb2 {[%clk
00:13:52]} {[%emt 00:00:51]} Kh7 {[%clk 00:00:42]} {[%emt 00:00:18]} 59. Qe2
{[%clk 00:13:52]} {[%emt 00:00:02]} Bf7 {[%clk 00:00:42]} {[%emt 00:00:04]} 60.
Ra1 {[%clk 00:13:04]} {[%emt 00:00:58]} Qb7 {[%clk 00:00:31]} {[%emt 00:00:14]}
61. Re1 {[%clk 00:12:33]} {[%emt 00:00:47]} Rcc7 {[%clk 00:00:31]} {[%emt
00:00:07]} 62. Qg2 {[%clk 00:12:23]} {[%emt 00:00:20]} Qc8 {[%clk 00:00:29]}
{[%emt 00:00:14]} 63. Bd1 {[%clk 00:11:58]} {[%emt 00:00:35]} Rcd7 {[%clk
00:00:29]} {[%emt 00:00:04]} 64. Bb3 {[%clk 00:11:54]} {[%emt 00:00:12]} Rc7
{[%clk 00:00:28]} {[%emt 00:00:12]} 65. Qe2 {[%clk 00:11:40]} {[%emt 00:00:26]}
bxa4 {[%clk 00:00:09]} {[%emt 00:00:30]} 66. Bxa4 {[%clk 00:11:37]} {[%emt
00:00:12]} Re8 {[%clk 00:00:09]} {[%emt 00:00:06]} 67. Bc2 {[%clk 00:11:37]}
{[%emt 00:00:06]} Qd8 {[%clk 00:00:09]} {[%emt 00:00:08]} 68. Qxa6 {[%clk
00:11:29]} {[%emt 00:00:18]} Qd7 {[%clk 00:00:06]} {[%emt 00:00:13]} 69. Qe2
{[%clk 00:11:29]} {[%emt 00:00:10]} Rcc8 {[%clk 00:00:06]} {[%emt 00:00:04]} 70.
Bd3 {[%clk 00:11:11]} {[%emt 00:00:27]} Bc7 {[%clk 00:00:06]} {[%emt 00:00:03]}
71. Bc4 {[%clk 00:11:05]} {[%emt 00:00:15]} Qd8 {[%clk 00:00:02]} {[%emt
00:00:15]} 72. Bxe6 {[%emt 00:00:28]} Bxe6 73. Rxe6 {[%clk 00:10:46]} {[%emt
00:00:09]} Rxe6 {[%clk 00:00:02]} 74. Qxe6 {[%clk 00:10:46]} {[%emt 00:00:02]}
Qf8 {[%clk 00:00:02]} 75. Qxc6 {[%clk 00:10:33]} {[%emt 00:00:23]} Bxf4 {[%clk
00:00:02]} {[%emt 00:00:04]} 76. Qf3 {[%clk 00:10:33]} {[%emt 00:00:08]} Bb8
{[%clk 00:00:02]} {[%emt 00:00:02]} 77. d5 {[%clk 00:10:26]} {[%emt 00:00:16]}
Qf7 {[%clk 00:00:02]} {[%emt 00:00:10]} 78. d6 {[%clk 00:10:23]} {[%emt
00:00:13]} Rg8 {[%clk 00:00:02]} {[%emt 00:00:06]} 79. Re7 {[%clk 00:10:22]}
{[%emt 00:00:10]} Qg6 {[%clk 00:00:02]} {[%emt 00:00:01]} 80. h5 {[%clk
00:10:06]} {[%emt 00:00:26]} Qg5 {[%clk 00:00:02]} {[%emt 00:00:02]} 81. Kg2
{[%clk 00:10:01]} {[%emt 00:00:15]} Kh8 {[%clk 00:00:02]} {[%emt 00:00:05]} 82.
b5 {[%clk 00:09:13]} {[%emt 00:00:58]} Kh7 {[%clk 00:00:02]} {[%emt 00:00:02]}
83. Qb7 {[%clk 00:08:36]} {[%emt 00:00:46]} 1-0

[Event "2023 National K-12 Grade Championships"]
[Site "Orlando, Florida, United States"]
[Date "2023.12.17"]
[Round "7.17"]
[White "Luo, Wesley"]
[Black "Kesireddy, Saikarunya"]
[Result "1/2-1/2"]
[TimeControl "G/90;d10"]
[WhiteElo "2151"]
[BlackElo "1901"]

1. e4 {[%clk 01:30:00]} c5 {[%clk 01:30:00]} {[%emt 00:00:06]} 2. Nf3 {[%clk
01:30:00]} {[%emt 00:00:05]} e6 {[%clk 01:30:00]} {[%emt 00:00:04]} 3. d4
{[%clk 01:30:00]} {[%emt 00:00:04]} cxd4 {[%clk 01:30:00]} {[%emt 00:00:06]} 4.
Nxd4 {[%clk 01:30:00]} {[%emt 00:00:02]} a6 {[%clk 01:30:00]} {[%emt 00:00:08]}
5. Bd3 {[%clk 01:29:58]} {[%emt 00:00:11]} Qc7 {[%clk 01:29:41]} {[%emt
00:00:30]} 6. O-O {[%clk 01:29:33]} {[%emt 00:00:35]} Nf6 {[%clk 01:27:35]}
{[%emt 00:02:16]} 7. c4 {[%clk 01:27:50]} {[%emt 00:01:53]} Nc6 {[%clk
01:24:52]} {[%emt 00:02:53]} 8. Nxc6 {[%clk 01:26:33]} {[%emt 00:01:27]} bxc6
{[%clk 01:23:49]} {[%emt 00:01:14]} 9. Nc3 {[%clk 01:24:12]} {[%emt 00:02:30]}
d6 {[%clk 01:20:02]} {[%emt 00:03:58]} 10. Qe2 {[%clk 01:21:00]} {[%emt
00:03:21]} Be7 {[%clk 01:14:41]} {[%emt 00:05:31]} 11. b3 {[%clk 01:17:45]}
{[%emt 00:03:24]} O-O {[%clk 01:11:29]} {[%emt 00:03:23]} 12. h3 {[%clk
01:16:11]} {[%emt 00:01:44]} e5 {[%clk 01:09:15]} {[%emt 00:02:24]} 13. f4
{[%clk 01:12:38]} {[%emt 00:03:43]} exf4 {[%clk 01:07:24]} {[%emt 00:02:02]} 14.
Bxf4 {[%clk 01:11:59]} {[%emt 00:00:48]} Nd7 {[%clk 01:06:35]} {[%emt
00:00:59]} 15. Rad1 {[%clk 01:07:10]} {[%emt 00:04:59]} Bf6 {[%clk 00:56:19]}
{[%emt 00:10:27]} 16. Qc2 {[%clk 01:02:57]} {[%emt 00:04:22]} Ne5 {[%clk
00:49:47]} {[%emt 00:06:42]} 17. Ne2 {[%clk 00:58:44]} {[%emt 00:04:22]} Be6
{[%clk 00:40:48]} {[%emt 00:09:10]} 18. Kh1 {[%clk 00:54:10]} {[%emt 00:04:44]}
Rfd8 {[%clk 00:28:48]} {[%emt 00:12:10]} 19. Nd4 {[%clk 00:48:10]} {[%emt
00:06:10]} c5 {[%clk 00:27:11]} {[%emt 00:01:48]} 20. Nxe6 {[%clk 00:47:00]}
{[%emt 00:01:19]} fxe6 {[%clk 00:27:11]} {[%emt 00:00:09]} 21. Be2 {[%clk
00:45:57]} {[%emt 00:01:12]} Nc6 {[%clk 00:23:53]} {[%emt 00:03:28]} 22. Bg4
{[%clk 00:41:04]} {[%emt 00:05:02]} Nd4 {[%clk 00:23:08]} {[%emt 00:00:56]} 23.
Qf2 {[%clk 00:35:01]} {[%emt 00:06:12]} Rf8 {[%clk 00:16:49]} {[%emt 00:06:30]}
24. Qg3 {[%clk 00:31:02]} {[%emt 00:04:07]} e5 {[%clk 00:16:02]} {[%emt
00:01:00]} 25. Be3 {[%clk 00:29:54]} {[%emt 00:01:14]} Qe7 {[%clk 00:15:28]}
{[%emt 00:00:47]} 26. Bxd4 {[%clk 00:26:25]} {[%emt 00:03:40]} exd4 {[%clk
00:14:10]} {[%emt 00:01:27]} 27. Qd3 {[%clk 00:22:35]} {[%emt 00:04:00]} Be5
{[%clk 00:13:57]} {[%emt 00:00:24]} 28. a3 {[%clk 00:21:57]} {[%emt 00:00:48]}
a5 {[%clk 00:13:36]} {[%emt 00:00:31]} 29. b4 {[%clk 00:20:15]} {[%emt
00:01:52]} axb4 {[%clk 00:12:49]} {[%emt 00:00:58]} 30. axb4 {[%clk 00:20:15]}
cxb4 {[%clk 00:12:36]} {[%emt 00:00:23]} 31. Qb3 {[%clk 00:20:15]} {[%emt
00:00:09]} Kh8 {[%clk 00:12:33]} {[%emt 00:00:13]} 32. Qxb4 {[%clk 00:19:30]}
{[%emt 00:00:55]} Qh4 {[%clk 00:12:08]} {[%emt 00:00:34]} 33. Qb3 {[%clk
00:18:39]} {[%emt 00:01:02]} Qg3 {[%clk 00:11:41]} {[%emt 00:00:36]} 34. Qxg3
{[%clk 00:18:01]} {[%emt 00:00:48]} Bxg3 {[%clk 00:11:41]} {[%emt 00:00:09]} 35.
Rf3 {[%clk 00:12:44]} {[%emt 00:05:26]} Be5 {[%clk 00:10:53]} {[%emt 00:00:57]}
1/2-1/2